000 01005nam a22002417a 4500
005 20080616115656.0
008 080616t xxu||||| |||| 00| f hin d
010 _aHIN-83830
020 _c200.00
_a8188565067
035 _aHN-56176
037 _bDBAD / PUB
040 _aDPL
_bHN
082 _a
100 _aजोला, एमिल
245 _aनारी- मन /
_cएमिल जोला
246 _aNari-man
_bby Emile Jola
260 _aदिल्ली
_bसंचार प्रकाशन
_c2006
270 _a1/10781, पंचशील गार्डन, नवीन शाहदरा
_bदिल्ली
_e110032
300 _a168पृ
_c22सेमी(सजिल्द)
650 _aHindi Novels
942 _cHN
_2ddc
_h
_m जोलाए
999 _c14433
_d14433